Srovnání podmínek v ČR a SR z pohledu hodnocení Světové banky

Podmienky podnikania v krajinách sveta, ktoré každoročne hodnotí Svetová banka spolu s Medzinárodnou finančnou korporáciou pod názvom "Doing Business". Komparácia týchto podmienok v SR a v ČR .

Na minha lista:
Detalhes bibliográficos
Autor principal: Hamplová, Eva
Formato: Capítulo de Livro
Idioma:tcheco
Assuntos:
Tags: Adicionar Tag
Sem tags, seja o primeiro a adicionar uma tag!

MARC

LEADER 00000naa$a2200000$$$4500
001 0130217
005 20221103133816.2
041 0 |a cze 
044 |a SK 
245 1 0 |a Srovnání podmínek v ČR a SR z pohledu hodnocení Světové banky  |c Eva Hamplová 
520 |a Podmienky podnikania v krajinách sveta, ktoré každoročne hodnotí Svetová banka spolu s Medzinárodnou finančnou korporáciou pod názvom "Doing Business". Komparácia týchto podmienok v SR a v ČR . 
610 2 0 |a Slovensko 
610 2 0 |a Česko 
610 2 0 |a prostredie podnikateľské 
610 2 0 |a podnikanie 
610 2 0 |a sektory hospodárske 
610 2 0 |a porovnanie medzinárodné 
610 2 0 |a reformy 
610 2 0 |a vývoj hospodársky 
610 2 0 |a OECD 
610 2 0 |a Svetová banka 
100 1 |a Hamplová, Eva